[Event "FRA-chT Top 12"]
[Site "Chartres"]
[Date "2017.05.24"]
[Round "7.7"]
[White "Libiszewski, Fabien"]
[Black "Babault, Patrice"]
[Result "1/2-1/2"]
[WhiteElo "2544"]
[BlackElo "2411"]
[PlyCount "96"]
[EventDate "2017.05.18"]
[EventType "team-tourn"]
[EventRounds "11"]
[EventCountry "FRA"]
[SourceTitle "CBM 178 Extra"]
[Source "ChessBase"]
[SourceDate "2017.06.22"]
[SourceVersion "1"]
[SourceVersionDate "2017.06.22"]
[SourceQuality "1"]
[WhiteTeam "Grasse Echecs"]
[BlackTeam "Nice Alekhine"]
[WhiteTeamCountry "FRA"]
[BlackTeamCountry "FRA"]

1. e4 c6 2. d4 d5 3. e5 Bf5 4. Nd2 e6 5. Nb3 Nd7 6. Nf3 a6 7. Be2 c5 8. dxc5 Nxc5 9. 0-0 Nxb3 10. axb3 Bc5 11. c3 Ne7 12. b4 Ba7 13. Nd4 Bxd4 14. Qxd4 0-0 15. Bg5 h6 16. Bxe7 Qxe7 17. Rfe1 Rfd8 18. Bf1 Rac8 19. Ra3 Bg6 20. Rd1 Bc2 21. Rd2 Bg6 22. Ra1 Kh8 23. Rad1 Bh5 24. Re1 Bg6 25. Qe3 Kg8 26. Rd4 Rc7 27. Qd2 Rdc8 28. Qd1 Kh8 29. Re3 Rf8 30. Qg4 Bf5 31. Qg3 Be4 32. Rd1 Rcc8 33. Re2 Ra8 34. Red2 Rfd8 35. Rd4 Bf5 36. Qe3 Rdc8 37. Ra1 Kg8 38. Ra5 Rd8 39. Ra1 Rdc8 40. Qd2 Rab8 41. Re1 Rc7 42. Qf4 Bg6 43. Re3 Bf5 44. h4 Rf8 45. Be2 Be4 46. Rg3 Kh8 47. Bf3 Bh7 48. Qe3 Bf5 1/2-1/2

[Event "FRA-chT Top 12"]
[Site "Chartres"]
[Date "2017.05.19"]
[Round "2.7"]
[White "Babault, Patrice"]
[Black "Delorme, Axel"]
[Result "0-1"]
[WhiteElo "2411"]
[BlackElo "2514"]
[PlyCount "86"]
[EventDate "2017.05.18"]
[EventType "team-tourn"]
[EventRounds "11"]
[EventCountry "FRA"]
[SourceTitle "CBM 178 Extra"]
[Source "ChessBase"]
[SourceDate "2017.06.22"]
[SourceVersion "1"]
[SourceVersionDate "2017.06.22"]
[SourceQuality "1"]
[WhiteTeam "Nice Alekhine"]
[BlackTeam "Clichy Echecs 92"]
[WhiteTeamCountry "FRA"]
[BlackTeamCountry "FRA"]

1. e4 e5 2. Nf3 Nc6 3. Bb5 Nf6 4. 0-0 Nxe4 5. d4 Nd6 6. Bxc6 dxc6 7. dxe5 Nf5 8. Qxd8+ Kxd8 9. h3 Ne7 10. Nc3 h6 11. b3 Bd7 12. Bb2 b6 13. Rad1 Kc8 14. Ne2 Ng6 15. Ng3 Nf4 16. Bc1 Ne6 17. Nh5 a5 18. Ne1 c5 19. f4 g6 20. Nf6 Bc6 21. Kh2 a4 22. g4 axb3 23. axb3 Ra2 24. Be3 Bg7 25. f5 Bxf6 26. exf6 gxf5 27. Rxf5 Be4 28. Rf2 h5 29. g5 h4 30. Rdd2 Ra1 31. Rde2 Rg8 32. Rf1 Rd8 33. Bd2 Bg6 34. Bc3 Rc1 35. Kg2 Rd6 36. Bd2 Rd1 37. Be3 Bh5 38. Ref2 R1d5 39. Rf5 Bg6 40. Rxd5 Rxd5 41. Kh2 Re5 42. Bf2 Re2 43. Nf3 Rxc2 0-1

[Event "FRA-chT Top 12"]
[Site "Mulhouse"]
[Date "2011.05.27"]
[Round "2.7"]
[White "Babault, Patrice"]
[Black "Moussard, Jules"]
[Result "0-1"]
[WhiteElo "2400"]
[BlackElo "2422"]
[PlyCount "150"]
[EventDate "2011.05.26"]
[EventType "team-tourn"]
[EventRounds "11"]
[EventCountry "FRA"]
[SourceTitle "CBM 142 Extra"]
[Source "ChessBase"]
[SourceDate "2011.06.27"]
[SourceVersion "1"]
[SourceVersionDate "2011.06.27"]
[SourceQuality "1"]
[WhiteTeam "Lutece"]
[BlackTeam "Evry Grand Roque"]
[WhiteTeamCountry "FRA"]
[BlackTeamCountry "FRA"]

1. e4 c5 2. Nf3 d6 3. d4 cxd4 4. Nxd4 Nf6 5. Nc3 a6 6. Be3 e6 7. Be2 Be7 8. 0-0 0-0 9. f4 Qc7 10. Qe1 Nbd7 11. Bf3 Re8 12. Nde2 Rb8 13. g4 Nb6 14. Qf2 Nc4 15. g5 Nxe3 16. Qxe3 Nd7 17. Kh1 Qb6 18. Qxb6 Nxb6 19. b3 Bd7 20. a4 Rec8 21. a5 Na8 22. Ra2 Rc5 23. Nd1 e5 24. h4 f6 25. gxf6 Bxf6 26. h5 exf4 27. Nxf4 Rf8 28. Nd5 Bd8 29. N1e3 Bh3 30. Bg2 Rxf1+ 31. Nxf1 Bxg2+ 32. Kxg2 Rxa5 33. Rxa5 Bxa5 34. Nfe3 Nc7 35. Ne7+ Kf7 36. N7f5 Ne8 37. Nd5 g6 38. hxg6+ hxg6 39. Nfe3 Bd8 40. Kf3 Nf6 41. Nf4 Nd7 42. Nh3 Ne5+ 43. Kf4 Ba5 44. Ng5+ Kg7 45. Nf1 Be1 46. Ne6+ Kf6 47. Nc7 g5+ 48. Ke3 Kg6 49. Ne8 Bb4 50. Ng3 Bc5+ 51. Ke2 g4 52. Kf1 Kg5 53. Ne2 Nf3 54. Kg2 Kh4 55. Kh1 Nd2 56. Nf6 Kg5 57. Nd5 Nxe4 58. b4 Ba7 59. Kg2 Nf6 60. Ne7 d5 61. Nc3 d4 62. Ne2 Nh5 63. Nc8 Bb8 64. Nxd4 Nf4+ 65. Kf2 Nd5 66. Ne6+ Kh4 67. c3 Kh3 68. Kg1 Bh2+ 69. Kh1 g3 70. Ng5+ Kg4 71. Ne4 Nxc3 72. Ncd6 Nxe4 73. Nxe4 Kf3 74. Nd2+ Ke3 75. b5 Kxd2 0-1

[Event "FRA-chT1 0910"]
[Site "France"]
[Date "2009.10.18"]
[Round "3.3"]
[White "Lagarde, Maxime"]
[Black "Babault, Patrice"]
[Result "0-1"]
[WhiteElo "2398"]
[BlackElo "2366"]
[PlyCount "71"]
[EventDate "2009.09.27"]
[EventType "team-tourn"]
[EventRounds "11"]
[EventCountry "FRA"]
[SourceTitle "EXT 2011"]
[Source "ChessBase"]
[SourceDate "2010.11.26"]
[SourceVersion "1"]
[SourceVersionDate "2010.11.26"]
[SourceQuality "1"]

1. e4 c5 2. Nf3 e6 3. d4 cxd4 4. Nxd4 Nc6 5. Nb5 d6 6. Bf4 e5 7. Be3 a6 8. N5c3 Nf6 9. Bg5 Be7 10. Bxf6 Bxf6 11. Nd5 Bg5 12. h4 Bh6 13. g3 0-0 14. Bh3 Be6 15. c3 Ne7 16. Na3 Nxd5 17. exd5 Bxh3 18. Rxh3 Re8 19. Qe2 Qa5 20. g4 Bf4 21. Qe4 Rac8 22. Nc4 Qc5 23. Ne3 Bxe3 24. Rxe3 Qb5 25. b3 Qa5 26. Qd3 e4 27. Qd2 Qd8 28. g5 Qd7 29. 0-0-0 Qg4 30. Rh1 Re5 31. Kb2 b5 32. Qd4 Qg2 33. Rhe1 Qxf2+ 34. R1e2 Qxh4 35. Qb6 Qxg5 36. Qxa6 0-1

[Event "FRA-chT Top 16 GpA"]
[Site "France"]
[Date "2009.05.03"]
[Round "7"]
[White "Babault, Patrice"]
[Black "Sokolov, Andrei"]
[Result "1/2-1/2"]
[WhiteElo "2348"]
[BlackElo "2552"]
[PlyCount "37"]
[EventDate "2009.03.20"]
[EventType "team"]
[EventRounds "7"]
[EventCountry "FRA"]
[SourceTitle "CBM 129 Extra"]
[Source "ChessBase"]
[SourceDate "2009.05.05"]
[SourceVersion "2"]
[SourceVersionDate "2009.05.20"]
[SourceQuality "1"]

1. e4 c5 2. Nf3 e6 3. d4 cxd4 4. Nxd4 Nc6 5. Nc3 Qc7 6. Be3 a6 7. Be2 Nf6 8. 0-0 b5 9. Nxc6 dxc6 10. f4 e5 11. fxe5 Qxe5 12. Kh1 Be6 13. Bd4 Qc7 14. e5 Nd5 15. Bg4 Nxc3 16. Bxc3 Qc8 17. Bf3 Be7 18. Be4 0-0 19. Qf3 1/2-1/2

[Event "FRA-chT1B 0708"]
[Site "France"]
[Date "2007.12.15"]
[Round "4.2"]
[White "Schwalfenberg, Joerg"]
[Black "Babault, Patrice"]
[Result "1/2-1/2"]
[WhiteElo "2335"]
[BlackElo "2334"]
[PlyCount "47"]
[EventDate "2007.10.21"]
[EventType "team"]
[EventRounds "11"]
[EventCountry "FRA"]
[SourceTitle "EXT 2009"]
[Source "ChessBase"]
[SourceDate "2008.11.26"]
[SourceVersion "1"]
[SourceVersionDate "2008.11.26"]
[SourceQuality "1"]
[WhiteTeam "Gambsheim"]
[BlackTeam "Lutece"]
[WhiteTeamCountry "FRA"]
[BlackTeamCountry "FRA"]

1. d4 d5 2. Nf3 Nf6 3. c4 c6 4. e3 e6 5. Nbd2 Nbd7 6. Bd3 Bd6 7. 0-0 0-0 8. e4 e5 9. cxd5 cxd5 10. exd5 exd4 11. Ne4 Nxe4 12. Bxe4 Nf6 13. Qxd4 Nxe4 14. Qxe4 Re8 15. Qd3 Qf6 16. Bd2 Bf5 17. Qd4 Qxd4 18. Nxd4 Be4 19. Rfe1 Bxd5 20. Nb5 Be5 21. Bc3 Bxc3 22. Nxc3 Bc6 23. f3 Kf8 24. Kf2 1/2-1/2

[Event "FRA-chT1B 0607"]
[Site "France"]
[Date "2006.11.06"]
[Round "3.3"]
[White "Babault, Patrice"]
[Black "Adrian, Claude"]
[Result "1-0"]
[WhiteElo "2304"]
[BlackElo "2314"]
[PlyCount "87"]
[EventDate "2006.10.15"]
[EventType "team"]
[EventRounds "11"]
[EventCountry "FRA"]
[SourceTitle "EXT 2008"]
[Source "ChessBase"]
[SourceDate "2007.11.25"]
[SourceVersion "1"]
[SourceVersionDate "2007.11.25"]
[SourceQuality "1"]
[WhiteTeam "Lutece"]
[BlackTeam "Epinal"]
[WhiteTeamCountry "FRA"]
[BlackTeamCountry "FRA"]

1. e4 e6 2. d4 d5 3. Nc3 Bb4 4. e5 Ne7 5. a3 Bxc3+ 6. bxc3 c5 7. Qg4 cxd4 8. Qxg7 Rg8 9. Qxh7 Qc7 10. Ne2 Nbc6 11. f4 Bd7 12. Qd3 dxc3 13. Nxc3 0-0-0 14. Nb5 Nxe5 15. Nxc7 Nxd3+ 16. Bxd3 Kxc7 17. Bb2 Rxg2 18. Bf6 Kd6 19. h4 Ba4 20. 0-0-0 Rc8 21. Rd2 Rg3 22. Kb2 Ng8 23. Be5+ Ke7 24. f5 Rg4 25. fxe6 fxe6 26. Rf2 Nh6 27. h5 d4 28. Rf6 Nf7 29. Rxf7+ Kxf7 30. Rf1+ Ke7 31. Rf2 Kd7 32. h6 Rh4 33. h7 Kc6 34. Rf7 Kb6 35. Bg3 Rh3 36. Rg7 Re8 37. Bf1 Rh5 38. Bg2 Kc5 39. Bxb7 e5 40. Be4 Rb8+ 41. Kc1 d3 42. Rg8 Re8 43. cxd3 Kd4 44. Kd2 1-0

[Event "FRA-chT2B 0506"]
[Site "France"]
[Date "2006.04.02"]
[Round "11.3"]
[White "Camus de Solliers, Guillaume"]
[Black "Babault, Patrice"]
[Result "1/2-1/2"]
[WhiteElo "2256"]
[BlackElo "2324"]
[PlyCount "113"]
[EventDate "2005.10.27"]
[EventType "team-tourn"]
[EventRounds "11"]
[EventCountry "FRA"]
[SourceTitle "EXT 2006"]
[Source "ChessBase"]
[SourceDate "2005.11.24"]
[SourceVersion "1"]
[SourceVersionDate "2005.11.24"]
[SourceQuality "1"]
[WhiteTeam "Rueil Malmaison"]
[BlackTeam "Lutece"]
[WhiteTeamCountry "FRA"]
[BlackTeamCountry "FRA"]

1. d4 d5 2. c4 c6 3. Nc3 e5 4. dxe5 d4 5. Ne4 Qa5+ 6. Bd2 Qxe5 7. Ng3 Nf6 8. Nf3 Qd6 9. Qc2 Be7 10. 0-0-0 0-0 11. e3 dxe3 12. Bxe3 Qc7 13. h3 Na6 14. Nd4 Nb4 15. Qb1 Rd8 16. Be2 Bf8 17. a3 Na6 18. Qc2 Nc5 19. Rhe1 a6 20. Kb1 Ne6 21. Qc3 c5 22. Ndf5 Rxd1+ 23. Rxd1 Rb8 24. Nh6+ Kh8 25. Ng4 Nxg4 26. Bxg4 Kg8 27. Ne4 b6 28. Qd3 Bb7 29. Bxe6 fxe6 30. Ng5 g6 31. Nxe6 Qe5 32. Qd7 Qe4+ 33. Ka1 Bc8 34. Ng5 Bxd7 35. Nxe4 Ba4 36. Rc1 Bc6 37. Bf4 Rb7 38. f3 Rf7 39. Bg3 Bg7 40. Nd6 Rd7 41. Rd1 b5 42. Rd2 Bd4 43. Kb1 bxc4 44. Nxc4 Bb5 45. Nd6 Be3 46. Rd1 Be2 47. Re1 Bd3+ 48. Ka2 Bd4 49. b3 Bf6 50. Re8+ Kg7 51. Re6 Bd4 52. Re1 g5 53. Rd1 Bg6 54. Nc4 Re7 55. Re1 Rxe1 56. Bxe1 Bd3 57. h4 1/2-1/2

[Event "FRA-chT3"]
[Site "France"]
[Date "2001.??.??"]
[Round "2"]
[White "Babault, Patrice"]
[Black "Gaudineau, Eric"]
[Result "1-0"]
[WhiteElo "2260"]
[BlackElo "2305"]
[PlyCount "69"]
[EventDate "2001.??.??"]
[EventType "team"]
[EventRounds "9"]
[EventCountry "FRA"]
[SourceTitle "EXT 2003"]
[Source "ChessBase"]
[SourceDate "2002.11.25"]
[SourceVersion "1"]
[SourceVersionDate "2002.11.25"]
[SourceQuality "1"]

1. e4 e5 2. Nf3 Nc6 3. Bb5 Bc5 4. 0-0 Nd4 5. Nxd4 Bxd4 6. c3 Bb6 7. d4 c6 8. Ba4 d6 9. Na3 Nf6 10. Bg5 h6 11. Bxf6 Qxf6 12. d5 Bd7 13. Nc4 Bc7 14. dxc6 bxc6 15. Qd3 Rd8 16. Ne3 0-0 17. b4 Qh4 18. g3 Qh5 19. Bd1 Qg6 20. Qe2 d5 21. exd5 Bh3 22. Bc2 Bxf1 23. Rxf1 e4 24. Qc4 Rfe8 25. dxc6 Rd2 26. Bb3 Re6 27. b5 h5 28. Qc5 Rf6 29. Qxa7 Qg5 30. Nc4 Bxg3 31. hxg3 Rdxf2 32. Qb8+ Kh7 33. Rxf2 Qc5 34. Qb6 Qg5 35. Qe3 1-0

[Event "Monaco tt"]
[Site "Monte Carlo"]
[Date "1996.??.??"]
[Round "1"]
[White "Babault, Patrice"]
[Black "Gentilleau, Jean Philippe"]
[Result "1/2-1/2"]
[WhiteElo "2305"]
[BlackElo "2215"]
[PlyCount "38"]
[EventDate "1996.??.??"]
[EventType "team"]
[EventRounds "6"]
[EventCountry "MNC"]
[SourceTitle "EXT 1998"]
[Source "ChessBase"]
[SourceDate "1997.11.17"]
[SourceVersion "1"]
[SourceVersionDate "1997.11.17"]
[SourceQuality "1"]

1. e4 c5 2. c3 d5 3. exd5 Qxd5 4. d4 Nf6 5. Nf3 Bg4 6. Be2 e6 7. 0-0 Nc6 8. Be3 cxd4 9. cxd4 Bb4 10. a3 Ba5 11. Nc3 Qd6 12. Ne5 Bxe2 13. Qxe2 Bxc3 14. bxc3 Nxe5 15. Bf4 Nf3+ 16. Qxf3 Qd5 17. Qg3 Nh5 18. Qg4 Nf6 19. Qg3 Nh5 1/2-1/2

[Event "Monaco tt"]
[Site "Monte Carlo"]
[Date "1996.??.??"]
[Round "2"]
[White "Garcia Paolicchi, Raul"]
[Black "Babault, Patrice"]
[Result "1/2-1/2"]
[WhiteElo "2285"]
[BlackElo "2305"]
[PlyCount "44"]
[EventDate "1996.??.??"]
[EventType "team"]
[EventRounds "6"]
[EventCountry "MNC"]
[SourceTitle "EXT 1998"]
[Source "ChessBase"]
[SourceDate "1997.11.17"]
[SourceVersion "1"]
[SourceVersionDate "1997.11.17"]
[SourceQuality "1"]

1. d4 Nf6 2. Nf3 g6 3. c4 Bg7 4. g3 0-0 5. Bg2 d6 6. 0-0 c6 7. Nc3 Qa5 8. h3 Be6 9. Qd3 Qa6 10. b3 d5 11. Ne5 Rd8 12. Rd1 dxc4 13. Nxc4 Nd5 14. Ne4 Nd7 15. Bb2 N5f6 16. Nxf6+ Bxf6 17. Qc2 Bxc4 18. Qxc4 Qxc4 19. bxc4 c5 20. e3 cxd4 21. exd4 Nb6 22. Rac1 Rd7 1/2-1/2